Statystyki dla Najdroższe ligi europejskie w piłce nożnej

Kliknij tutaj aby rozwiązać quiz!

Ogólne statystyki

  • Ten quiz został rozwiązany 39 razy
  • Średni wynik to 7 z 15

Statystyki odpowiedzi

WartośćLiga% Poprawnych
4,86 mld €LaLiga
92%
4,22 mld €Bundesliga
89%
399,35 mln €Bundesliga
89%
9,99 mld €Premier League
86%
4,62 mld €Serie A
78%
3,42 mld €Ligue 1
72%
1,25 mld €Liga Portugal/Liga NOS/Primeira Liga
47%
1,06 mld €Eredivisie
39%
1,02 mld €Süper Lig
28%
760,43 mln €Premier Liga
14%
360,48 mln €Premiership
14%
888,30 mln €Jupiler Pro League
11%
357,73 mln €Premier Liha
6%
368,75 mln €Super League 1
3%
275,56 mln €SuperSport HNL
3%

Rozkład punktacji

Percentyl według liczby udzielonych odpowiedzi

Procent ludzi z każdym wynikiem

Twoja historia wyników

Nie rozwiązałeś tego quizu